Statistics for All Air Koryo Destinations On A Map

Click here to take the quiz!

General Stats

  • This quiz has been taken 96 times
  • The average score is 17 of 24

Answers on the Map

Answers color-coded by a green-red scale on the quiz's map according to % correct below.
 

Answer Stats

CityCountry% Correct
BangkokThailand
99%
BeijingChina
99%
Kuwait CityKuwait
99%
MoscowRussia
99%
BerlinGermany
97%
ShanghaiChina
97%
Kuala LumpurMalaysia
96%
BudapestHungary
94%
PragueCzech Republic
94%
SofiaBulgaria
94%
BelgradeSerbia
93%
PyongyangNorth Korea
93%
ZürichSwitzerland
93%
VladivostokRussia
86%
NovosibirskRussia
63%
MacaoChina
56%
ShenyangChina
56%
IrkutskRussia
54%
DalianChina
51%
KhabarovskRussia
31%
NiigataJapan
26%
ChongjinNorth Korea
24%
ChitaRussia
20%
SamjiyonNorth Korea
10%

Score Distribution

Percentile by Number Answered

Percent of People with Each Score

Your Score History

You have not taken this quiz